Visualizzazione normale
Vista MARC
- Daniotti, Tiziano
di Personal Name
Records bibliografici associati: 1
001 - CONTROL NUMBER
- control field: 2170
003 - CONTROL NUMBER IDENTIFIER
- control field: IT-RoPau
005 - DATE AND TIME OF LATEST TRANSACTION
- control field: 20131116092800.0
008 - FIXED-LENGTH DATA ELEMENTS
- fixed length control field: 131116|| aca||aabn | a|a d
040 ## - CATALOGING SOURCE
- Original cataloging agency: IT-RoPau
- Transcribing agency: IT-RoPau
100 ## - HEADING--PERSONAL NAME
- Personal name: Daniotti, Tiziano
670 ## - SOURCE DATA FOUND
- Source citation: Work cat.: (IT-RoPau): Daniotti, Tiziano, Mamma e papà in attesa, 1996